Principes généraux de psychologie physiologique / (Record no. 158154)

MARC details
000 -LEADER
campo de control de longitud fija 00867nam a2200217 i 4500
001 - NÚMERO DE CONTROL
campo de control 158154
003 - IDENTIFICADOR DE NÚMERO DE CONTROL
campo de control ES-MaACL
005 - FECHA Y HORA DE LA ÚLTIMA TRANSACCIÓN
campo de control 20251003180618.0
008 - DATOS DE LONGITUD FIJA--INFORMACIÓN GENERAL
campo de control de longitud fija 931025s1876 fr |||| | fre d
100 1# - ENTRADA PRINCIPAL--NOMBRE DE PERSONA
Nombre de persona Lotze, Hermann.
9 (RLIN) 74307
245 10 - MENCIÓN DEL TÍTULO
Título Principes généraux de psychologie physiologique /
Mención de responsabilidad, etc. par Hermann Lotze.
250 ## - MENCION DE EDICION
Mención de edición Nouvelle éd.
Resto de la mención de edición traduite de l'allemand par A. Penjon.
260 ## - PUBLICACIÓN, DISTRIBUCIÓN, ETC.
Lugar de publicación, distribución, etc. Paris :
Nombre del editor, distribuidor, etc. Germer Baillière et Cie.,
Fecha de publicación, distribución, etc. 1876 (
Lugar de fabricación/manufactura Coulommiers :
Fabricante Typ. Albert Ponsot et P. Brodard)
300 ## - DESCRIPCIÓN FÍSICA
Extensión XVI, 168 p. ;
Dimensiones 19 cm.
490 1# - MENCIÓN DE SERIE
Mención de serie Bibliothèque de philosophie contemporaine
650 #7 - PUNTO DE ACCESO ADICIONAL DE MATERIA--TÉRMINO DE MATERIA
Término de materia o nombre geográfico como elemento de entrada Psicología fisiológica
Fuente del encabezamiento o término embne
9 (RLIN) 16565
700 1# - ENTRADA AGREGADA--NOMBRE PERSONAL
Nombre de persona Penjon, Auguste,
Fechas asociadas al nombre 1843-1919
9 (RLIN) 130973
830 1# - PUNTO DE ACCESO ADICIONAL DE SERIE-TÍTULO UNIFORME
Título uniforme Bibliothèque de philosophie contemporaine
9 (RLIN) 181027
852 ## - LOCALIZACIÓN
Ubicación ES-MaACL
Número de control de estantería F-12239
Nota libre - Enc. pasta española
Holdings
Estatus retirado Estado de pérdida Estado de daño No para préstamo Colección Biblioteca de origen Biblioteca actual Ubicación en estantería Fecha de adquisición Fuente de adquisición Total de préstamos Signatura topográfica completa Código de barras Visto por última vez Precio de reemplazo Tipo de ítem Koha
        Libros del s. XIX Biblioteca del Ateneo de Madrid Biblioteca del Ateneo de Madrid Sala Pecera Planta 2 17/01/2008     F-12239 1165524 23/02/2023 23/02/2023 Libro impreso antiguo